| 000 | 01755cam a22004574i 4500 | ||
|---|---|---|---|
| 003 | PE-LiUPU | ||
| 005 | 20250731172951.0 | ||
| 008 | 150623s1997 miu rb 000 0 eng d | ||
| 020 | _a080102143X | ||
| 035 | _a(Sirsi) i9780801021435 | ||
| 040 |
_aPE-LiUPU _bspa _cPE-LiUPU _erda |
||
| 049 | _aPRUA | ||
| 082 | 0 | 4 |
_a227.507 _bA75 _221 |
| 100 | 1 |
_aArnold, Clinton E., _eautor. |
|
| 245 | 1 | 0 |
_aPower and magic : _bthe concept of power in Ephesians / _cClinton E. Arnold. |
| 264 | 1 |
_aMichigan : _bBaker Books, _c1997. |
|
| 300 |
_a244 páginas ; _c22.5 centímetros |
||
| 336 |
_atext _2rdacontent |
||
| 337 |
_aunmediated _2rdamedia |
||
| 338 |
_avolume _2rdacarrier |
||
| 504 | _aIncluye bibliografía. | ||
| 505 | 0 | _aIntroduction -- The religious climate of western Asia Minor in the first century A.D -- The presentation of the "powers" in Ephesiuans -- The power of God for believers -- The conflict with the "powers" -- Features of the theology f Ephesians in ligth of its background. | |
| 526 | _aSEG42 | ||
| 526 | _aSEG41 | ||
| 526 | _aSEG40 | ||
| 526 | _aSEG39 | ||
| 526 | _aP94 | ||
| 526 | _aP87 | ||
| 526 | _aP86 | ||
| 526 | _aP85 | ||
| 526 | _aP77 | ||
| 526 | _aP76 | ||
| 526 | _aP35 | ||
| 630 |
_aBiblia. _pN.T. _pEfesios _xComentarios. |
||
| 942 |
_2ddc _cBOOK |
||
| 949 |
_a227.507 A75 _wDEWEY _c1 _i44987 _d2016-6-2 _e2016-6-1 _lCCODEBUL1 _mBUL _n1 _r0 _sY _tBOOK _u2015-6-24 _xTEOLOGIA _PP35 _0COMPRA _o.STAFF. Colección Teología |
||
| 994 |
_aC0 _bPEPRU |
||
| 596 | _a1 | ||
| 999 |
_a227.507 A75 _wDEWEY _c21863 _i44987 _d21863 _e2016-6-1 _f2021-11-9 _g5 _lCCODEBUL1 _mBUL _n1 _p15.00 _q5 _r0 _sY _tBOOK _u2015-6-24 _xTEOLOGIA _PP35 _0COMPRA _o.STAFF. Colección Teología |
||
| 980 |
_81 _gALBERTO SANCHEZ Responsable de Automatización |
||